[Event "Floripa Chess Open 2024"]
[Site "Florianopolis"]
[Date "2024.01.25"]
[Round "7.214"]
[White "Friedrich, Augusto Johannpeter"]
[Black "Damasio, Fabio Ferreira"]
[Result "1-0"]
[WhiteElo "1800"]
[BlackElo "1296"]
[PlyCount "69"]
[EventDate "2024.01.20"]
[EventRounds "10"]
[EventCountry "BRA"]

1. e4 c5 2. Nf3 e6 3. d4 cxd4 4. Nxd4 Nc6 5. Nc3 Qc7 6. Nxc6 ({RR} 6. Bg5 a6 7.
Qd2 Ne5 8. f4 Nc4 9. Bxc4 Qxc4 10. O-O-O Bb4 11. Nde2 f6 12. Bh4 Nh6 13. g4 O-O
14. g5 fxg5 15. Bxg5 Nf7 16. Bh4 Nd6 17. Qe3 Rf7 18. Kb1 Nb5 19. Rd3 Nxc3+ 20.
Nxc3 b5 {Milos,G (2560)-Granda Zuniga,J (2590) Buenos Aires 1993 1/2-1/2 (54)})
6... bxc6 7. Be2 ({RR} 7. Be3 d5 8. Qd2 Nf6 9. exd5 cxd5 10. Bb5+ Bd7 11. O-O
Bb4 12. Bd4 Ne4 13. Bxd7+ Qxd7 14. Qe3 Bxc3 15. bxc3 O-O 16. c4 Rfc8 17. cxd5
Qxd5 18. Rfe1 Nd6 19. c3 Nf5 20. Qe5 Nxd4 21. Qxd5 exd5 {Kovacevic,R (2072)
-Nguyen,H (1697) chess.com INT 2021 0-1 (69)}) 7... h6 $146 ({RR} 7... Nf6 8.
Be3 Bb4 9. Qd3 O-O 10. O-O a5 11. Bg5 Ne8 12. a3 Ba6 13. Qe3 Bxc3 14. bxc3 Bxe2
15. Qxe2 f6 16. Be3 Rf7 17. Rab1 c5 18. Rfd1 Qc6 19. Qd3 d6 20. c4 a4 21. g4 h6
22. Rb2 {Suriev,N-Sultanov,M (1790) Koltsovo 2014 1/2-1/2 (40)}) ({RR} 7... Nf6
8. O-O e5 9. a3 Be7 10. f4 d6 11. fxe5 dxe5 12. Qe1 Be6 13. Qg3 O-O 14. Be3
Rab8 15. b3 a5 16. Kh1 Kh8 17. Rf2 c5 18. Raf1 c4 19. Bxc4 Bxc4 20. bxc4 Qxc4
21. Qxe5 Ng4 22. Qxe7 {Frobenius,W (2164)-Eichenseer,F (2129) Bayern 2006 0-1})
({RR} 7... Nf6 8. a3 Be7 9. O-O O-O 10. Be3 d5 11. exd5 exd5 12. Qd2 Bd6 13. h3
Rb8 14. Bd4 Bf4 15. Qd3 Nd7 16. Qf3 Be5 17. Rad1 Bxd4 18. Rxd4 Rxb2 19. Rh4 Qe5
20. Bd3 g6 21. Ne2 Qg7 22. Ra4 {Balazec,L (1939)-Havlikova,K (2315) Stare
Mesto 2015 0-1 (60)}) 8. Be3 Nf6 9. Qd2 Be7 10. O-O O-O 11. f4 Bb4 12. Bd3 d5
13. e5 Ng4 14. h3 Nxe3 15. Qxe3 Bxc3 16. bxc3 Qb6 17. Qxb6 axb6 18. Rab1 b5 19.
Kf2 Bd7 20. Ke3 c5 21. Bxb5 Bxb5 22. Rxb5 c4 23. a4 Ra6 24. g4 g6 25. Kd4 f5
26. exf6 Rxf6 27. Ke3 Kf7 28. a5 Kg7 29. Rb6 Rxb6 30. axb6 Rf8 31. b7 Rb8 32.
Rb1 Kf6 33. Kd4 Ke7 34. Kc5 Kd7 35. Kb6 1-0

[Event "Floripa Chess Open 2024"]
[Site "Florianopolis"]
[Date "2024.01.25"]
[Round "7.215"]
[White "Oga, Dora Mantelle"]
[Black "Leite, Lucas Bueno De Oliv"]
[Result "1/2-1/2"]
[WhiteElo "1800"]
[BlackElo "1227"]
[PlyCount "107"]
[EventDate "2024.01.20"]
[EventRounds "10"]
[EventCountry "BRA"]

1. d4 d5 2. c4 c6 3. Nc3 Nf6 4. Nf3 dxc4 5. a4 Bf5 6. Bg5 e6 7. e4 Bg4 8. e5 h6
({RR} 8... Qa5 9. exf6 Bxf3 10. Qxf3 Qxg5 11. fxg7 Bxg7 12. Bxc4 Bxd4 13. Ne4
Qa5+ 14. Nc3 Qe5+ 15. Ne2 Bxb2 16. Rb1 Qa5+ 17. Kf1 Qxa4 18. Bb3 Qa5 19. g3 Qe5
20. Kg2 Nd7 21. Rhe1 Qf6 22. Nf4 Be5 23. Bxe6 {Scholz,M (1756)-Von Lossow,M 
(1690) Bayern 2015 1/2-1/2 (34)}) 9. Bxf6 gxf6 10. Bxc4 Bb4 $146 ({RR} 10...
Nd7 11. O-O fxe5 12. Re1 Qf6 13. Ne4 Qg7 14. Qb3 Bxf3 15. Qxf3 exd4 16. Qb3
O-O-O 17. Rac1 Rg8 18. g3 Nb8 19. Nd2 Re8 20. Nf3 Bd6 21. Red1 Be5 22. Re1 Bf6
23. Nd2 Bg5 24. Re2 Re7 25. Rce1 {Lavorgna,F (1598)-Cecchini,M (1786) Milan
2014 0-1 (64)}) 11. O-O Rg8 12. Ne4 Nd7 13. Qb3 f5 14. Nd6+ Bxd6 15. exd6 Nf8
16. d5 Qxd6 17. dxe6 fxe6 18. Rfe1 Bxf3 19. Qxf3 O-O-O 20. Rad1 Qe7 21. a5 Rxd1
22. Rxd1 Qb4 23. Qd3 Qxa5 24. Bxe6+ Nxe6 25. Qd7+ Kb8 26. Qxe6 Rd8 27. Re1 a6
28. g3 Rf8 29. Qd6+ Ka7 30. b4 Qd8 31. Qc5+ Ka8 32. Re7 Qd1+ 33. Kg2 Qd5+ 34.
Qxd5 cxd5 35. Rd7 Re8 36. Rxd5 Re4 37. Rxf5 Rxb4 38. f4 b5 39. Rf8+ Kb7 40. f5
Kc7 41. Kh3 a5 42. Re8 Kd7 43. Re2 Rc4 44. f6 Rc8 45. Kh4 Rf8 46. g4 Rxf6 47.
g5 Rf4+ 48. Kh5 hxg5 49. Kxg5 Rf8 50. h4 Rg8+ 51. Kf6 a4 52. h5 Rg1 53. h6 Rf1+
54. Kg6 1/2-1/2

[Event "Floripa Chess Open 2024"]
[Site "Florianopolis"]
[Date "2024.01.25"]
[Round "7.216"]
[White "Nogueira, Manuela Mahara Buch"]
[Black "De Abreu, Wiliam"]
[Result "0-1"]
[WhiteElo "1666"]
[BlackElo "1197"]
[PlyCount "38"]
[EventDate "2024.01.20"]
[EventRounds "10"]
[EventCountry "BRA"]

1. e4 e6 2. Nf3 d6 3. Bc4 c5 4. d3 Nf6 5. O-O Be7 6. h3 ({RR} 6. c3 O-O 7. Bb3
Nc6 8. Nbd2 b5 9. Re1 a5 10. Bc2 b4 11. Nf1 d5 12. e5 Nd7 13. Ng3 Ba6 14. Nh5
g6 15. Nf4 Qc7 16. Qe2 bxc3 17. bxc3 Rfe8 18. h4 Bf8 19. Nh3 Bg7 20. Bf4 Rab8 {
Harikrishna,P (2558)-Gallagher,J (2520) Edinburgh 2003 1/2-1/2 (86)}) ({RR} 6.
Qe2 O-O 7. Bb3 Nc6 8. c3 a6 9. Rd1 e5 10. h3 Be6 11. Nbd2 Qd7 12. Nc4 Qc7 13.
Bg5 Nh5 14. Ne3 h6 15. Bxe7 Nf4 16. Qc2 Qxe7 17. Kh2 Rac8 18. Ng1 Na5 19. Bxe6
fxe6 20. g3 Nh5 {Jaracz,P (2456)-Kacprzak,K (2226) Trzcianka POL 2021 1-0 (58)}
) 6... O-O 7. Bf4 $146 ({RR} 7. a4 Nc6 8. Nh2 d5 9. exd5 exd5 10. Ba2 Be6 11.
Nc3 Qd7 12. Ne2 Bd6 13. Nf4 Bf5 14. c3 Qc7 15. Qd2 g5 16. Nxd5 Nxd5 17. Qxg5+
Bg6 18. Ng4 Nf4 19. Nh6+ Kg7 20. Nf5+ Kg8 21. Nxd6 Ne2+ {Tutumlu,
A-Gozubuyukoglu,S (1867) Antalya 2013 0-1 (41)}) ({RR} 7. Nc3 a6 8. a4 b6 9.
Bf4 Bb7 10. Bb3 Nc6 11. Re1 Rc8 12. Bg3 Re8 13. Qd2 Bf8 14. Rad1 Be7 15. Qe3
Bf8 16. d4 cxd4 17. Nxd4 d5 18. e5 Nh5 19. Bh2 g6 20. Nce2 Na5 21. g4 Ng7 {
Dominguez Escalona,A (2064)-Martin Carmona,G (1807) Malaga 2012 1-0 (88)}) ({RR
} 7. Bb3 Nc6 8. c3 b5 9. Re1 Bb7 10. Nbd2 Rc8 11. g3 Re8 12. Bc2 Qc7 13. Bb1
Nd7 14. Nf1 Nde5 15. N3h2 Ng6 16. Bc2 Rcd8 17. Ne3 Nb8 18. Qf3 Nd7 19. Nhg4 Nf6
20. Nxf6+ Bxf6 21. d4 cxd4 {Velickovic,S (2293)-Vardakas,G (2074) Belgrade SRB
2018 1-0}) 7... Nbd7 8. Nc3 a6 9. a4 Re8 10. Nh4 Nb6 11. Ba2 Nxe4 12. Qg4 Bxh4
13. dxe4 e5 14. Bh6 Bxg4 15. hxg4 gxh6 16. Rad1 Qc7 17. g3 Be7 18. Rfe1 Nxa4
19. f3 Nb6 0-1

[Event "Floripa Chess Open 2024"]
[Site "Florianopolis"]
[Date "2024.01.25"]
[Round "7.217"]
[White "Fraga, Sofia Carneiro"]
[Black "Orsini, Sarah De Oliveira"]
[Result "1/2-1/2"]
[WhiteElo "1174"]
[BlackElo "1685"]
[PlyCount "95"]
[EventDate "2024.01.20"]
[EventRounds "10"]
[EventCountry "BRA"]

1. e4 d5 2. exd5 Qxd5 3. Nc3 Qa5 4. g3 Nf6 5. Bg2 Bg4 6. Nge2 c6 7. h3 Bxe2 ({
RR} 7... Bf5 8. b4 Qc7 9. Rb1 a6 10. a4 e6 11. O-O Nbd7 12. d3 Be7 13. Bf4 Bd6
14. Bxd6 Qxd6 15. b5 axb5 16. axb5 O-O 17. Qd2 Nd5 18. Nd4 Bg6 19. bxc6 bxc6
20. Nxd5 cxd5 21. Nb5 Qc5 22. Rb2 {Ortiz,J (1784)-Torella,R (2016) Montevideo
URU 2018 1/2-1/2 (92)}) 8. Qxe2 e5 $146 ({RR} 8... e6 9. O-O Be7 10. a3 O-O 11.
Rb1 Qc7 12. b4 Nbd7 13. Bb2 Rfe8 14. d3 Bd6 15. Nd1 e5 16. Ne3 a5 17. Bc3 axb4
18. axb4 Nb6 19. Bd2 e4 20. d4 Nbd7 21. c4 Bf8 22. g4 Ra2 23. Rfd1 {Farago,S 
(2296)-Juhasz,A (2184) Budapest 2012 1/2-1/2 (68)}) ({RR} 8... e6 9. a3 Be7 10.
Rb1 Qc7 11. b4 O-O 12. O-O Nbd7 13. Ne4 Rfd8 14. Nxf6+ Bxf6 15. d3 Nb6 16. Bf4
Qd7 17. Rb3 Nd5 18. Bd2 Ne7 19. Be4 Nc8 20. Qh5 g6 21. Qf3 Bg7 22. b5 cxb5 23.
Bxb7 {Van der Wiel,J (2483)-Tiviakov,S (2663) Hilversum 2007 1/2-1/2}) ({RR} 
8... e6 9. O-O Nbd7 10. d4 Be7 11. Rd1 Qd8 12. h4 O-O 13. Ne4 Nxe4 14. Bxe4 Nf6
15. Bf3 a5 16. c4 Re8 17. Kg2 Qb6 18. Be3 Qa6 19. Rac1 Rad8 20. Qc2 Rd7 21. g4
Red8 22. g5 Ne8 23. h5 {Antoniewski,R (2586)-Gogolis,A (2261) Eretria 2011 1-0
(32)}) ({RR} 8... e6 9. O-O Nbd7 10. a3 Be7 11. Rb1 a6 12. b4 Qe5 13. Qxe5 Nxe5
14. Re1 Ned7 15. d3 Nb6 16. Bd2 O-O-O 17. a4 Nbd5 18. Nxd5 Nxd5 19. b5 axb5 20.
axb5 c5 21. b6 Rd6 22. c4 Nb4 23. Bxb4 {Bellini,F (2500)-Drabke,L (2362)
Bratto 2002 1-0 (35)}) 9. d4 Bd6 10. dxe5 Bxe5 11. f4 O-O 12. fxe5 Re8 13. O-O
Rxe5 14. Qd1 Qc5+ 15. Kh1 Nbd7 16. Bf4 Rh5 17. Kh2 Ne5 18. Bxe5 Qxe5 19. Qe2
Qxe2 20. Nxe2 Re8 21. Nf4 Rhe5 22. Kg1 Ne4 23. Bxe4 Rxe4 24. Kf2 Rd4 25. Rae1
Rd2+ 26. Re2 Rexe2+ 27. Nxe2 Rxc2 28. Rd1 h6 29. Rd8+ Kh7 30. Rd7 Rxb2 31. Rxf7
c5 32. Rc7 Rc2 33. Rxb7 Rxa2 34. Rc7 a5 35. Rxc5 a4 36. Kf3 a3 37. Nc3 Ra1 38.
Ra5 Rg1 39. Rxa3 Kg6 40. Kf2 Rc1 41. Ne4 Rc4 42. Kf3 Rc8 43. Ra7 Rf8+ 44. Ke3
Rf1 45. Rb7 Kh7 46. Nf6+ Kg6 47. Rb6 gxf6 48. h4 1/2-1/2

[Event "Floripa Chess Open 2024"]
[Site "Florianopolis"]
[Date "2024.01.25"]
[Round "7.218"]
[White "Justiniano Flores, Tsuyoko Fernanda"]
[Black "Santos, Nathaly Camily Ferr"]
[Result "0-1"]
[WhiteElo "1800"]
[BlackElo "1167"]
[PlyCount "44"]
[EventDate "2024.01.20"]
[EventRounds "10"]
[EventCountry "BRA"]

1. e4 c5 2. Bc4 Nf6 3. Nc3 ({RR} 3. e5 d5 4. Bb5+ Nfd7 5. e6 fxe6 6. Qh5+ g6 7.
Qe5 Rg8 8. Qxe6 Rg7 9. Qxd5 a6 10. Be2 Nc6 11. Nf3 e6 12. Qb3 g5 13. h3 Nf6 14.
d3 g4 15. hxg4 Rxg4 16. g3 b5 17. Bh6 Be7 {Rasik,V (2407)-Janz,F (2330) Bayern
2004 1-0}) ({RR} 3. e5 Ne4 4. d3 Nxf2 5. Kxf2 Nc6 6. Qh5 g6 7. Qe2 Bg7 8. Nf3
b6 9. Bb5 Bb7 10. Bxc6 Bxc6 11. d4 d6 12. exd6 Qxd6 13. dxc5 Qxc5+ 14. Qe3 Rd8
15. Qxc5 bxc5 16. Nc3 O-O 17. Bg5 Rd7 {Liu,Z-Zhang,K Changsha CHN 2019 1-0})
3... a6 4. d3 $146 ({RR} 4. a4 e6 5. Nf3 Be7 6. d4 cxd4 7. Nxd4 Nc6 8. O-O O-O
9. Be3 Qc7 10. a5 Nxa5 11. Bd3 b6 12. Qf3 Bb7 13. Nb3 Nxb3 14. cxb3 Bd6 15. h3
b5 16. Rfe1 Rac8 17. Bd4 Be5 18. Ne2 Bxd4 {Hagner,B (1148)-Karl,F (1640)
Heusenstamm 2015 0-1}) 4... Nc6 5. Nf3 d6 6. Bg5 e6 7. O-O Be7 8. Qe2 b5 9. Bb3
h6 10. Bh4 O-O 11. Qe3 e5 12. Bd5 Bb7 13. Ng5 Nxd5 14. exd5 Bxg5 15. Bxg5 Qxg5
16. Qxg5 hxg5 17. g3 Nd4 18. Kg2 Nxc2 19. Rac1 Nb4 20. a3 Nxd5 21. Nxd5 Bxd5+
22. f3 Rac8 0-1

[Event "Floripa Chess Open 2024"]
[Site "Florianopolis"]
[Date "2024.01.25"]
[Round "7.219"]
[White "Ruvieri, Valter"]
[Black "Rolim, Claudia Vitoria Fer"]
[Result "1-0"]
[WhiteElo "1067"]
[BlackElo "1745"]
[PlyCount "49"]
[EventDate "2024.01.20"]
[EventRounds "10"]
[EventCountry "BRA"]

1. d4 d5 2. e3 Nf6 3. Nf3 Bf5 4. c4 e6 5. b3 ({RR} 5. cxd5 exd5 6. Qb3 b6 7.
Nc3 Bd6 8. Bd2 c6 9. Rc1 O-O 10. Be2 Nbd7 11. O-O Rc8 12. Rfd1 h6 13. Be1 Re8
14. a3 Re6 15. Na2 a5 16. Qa4 Bc7 17. Bd3 Ne4 18. Qc2 Bg4 19. Be2 Rg6 {
Loftsson,H (2230)-Gretarsson,H (2440) Iceland 1995 0-1 (35)}) 5... Be7 6. Bb2
$146 ({RR} 6. Be2 O-O 7. Nc3 Bb4 8. Bb2 Ne4 9. Qc1 c6 10. O-O Nd7 11. a3 Bxc3
12. Bxc3 Re8 13. c5 Ndf6 14. h3 h6 15. Ne5 Nh7 16. Bb2 f6 17. Nd3 Qc7 18. Qe1
Qf7 19. f3 Neg5 20. h4 Nh3+ {Noras,P-Moroder,M Kleve 2000 1-0 (52)}) ({RR} 6.
Bd3 Bb4+ 7. Ke2 Bg4 8. Ba3 Bxa3 9. Nxa3 a6 10. h3 Bxf3+ 11. gxf3 Nc6 12. Nc2
Qe7 13. Qg1 g6 14. Qg5 O-O-O 15. Rhc1 Ng8 16. Qg1 Nf6 17. Qe1 Nh5 18. a4 a5 19.
Rab1 Nb4 20. Nxb4 Qxb4 {Nordbye,P (1001)-Engan,K (1055) Lillehammer 2013 1/2-1/
2 (34)}) 6... O-O 7. Bd3 Bxd3 8. Qxd3 Ne4 9. O-O Nd7 10. Ba3 Bxa3 11. Nxa3 c6
12. c5 b5 13. cxb6 axb6 14. Nb1 c5 15. Nbd2 h6 16. h3 Ra3 17. Nb1 c4 18. Qc2
cxb3 19. Qb2 Rxa2 20. Rxa2 bxa2 21. Qxa2 Qc7 22. Nbd2 Rc8 23. Ne5 Qb7 24. g4
Nxd2 25. Qxd2 1-0

[Event "Floripa Chess Open 2024"]
[Site "Florianopolis"]
[Date "2024.01.25"]
[Round "7.221"]
[White "Pavao, Tiago Lara Biasi"]
[Black "Pontes, Larissa Amelio De O"]
[Result "1-0"]
[WhiteElo "1613"]
[BlackElo "1019"]
[PlyCount "79"]
[EventDate "2024.01.20"]
[EventRounds "10"]
[EventCountry "BRA"]

1. d4 d5 2. Nf3 Nf6 3. e3 Nc6 4. Bd3 e6 5. O-O b6 ({RR} 5... Nb4 6. a3 Nxd3 7.
Qxd3 Bd6 8. Nc3 Bd7 9. Bd2 O-O 10. Rfe1 Rc8 11. e4 dxe4 12. Nxe4 Nxe4 13. Qxe4
Bc6 14. Qd3 Re8 15. c3 h6 16. Qb5 {1/2-1/2 (16) Kubovic,J-Pokorny,T (2253)
Rakovnik 2009}) ({RR} 5... Bb4 6. c3 Bd6 7. Re1 O-O 8. Nbd2 Bd7 9. b3 Qe7 10.
c4 Rfe8 11. c5 Bxc5 12. dxc5 Qxc5 13. e4 e5 14. exd5 Nxd5 15. Ne4 Qe7 16. Bb2
f5 17. Ng3 e4 18. Bc4 Be6 19. Bxd5 Bxd5 20. Qxd5+ {Grigore,M (1155)-Danila,T 
(1001) Baile Felix 2017 1-0}) 6. c4 $146 ({RR} 6. Nbd2 Bd6 7. c3 Bb7 8. Qe2 Qe7
9. e4 e5 10. exd5 Nxd5 11. Nc4 f6 12. Nxd6+ cxd6 13. Re1 O-O-O 14. c4 Nc7 15.
Bd2 a5 16. a3 Rhe8 17. d5 e4 18. Bxe4 Ne5 19. Bxh7 g6 20. Nxe5 Qxh7 {Stoop,M 
(1056)-Apps,I (1088) Gibraltar 2008 1-0 (58)}) 6... Bb7 7. b3 Ne7 8. Nbd2 g6 9.
Bb2 Bg7 10. cxd5 exd5 11. Qc2 O-O 12. Rac1 Rc8 13. Qb1 Qd6 14. Rfe1 a6 15. e4
dxe4 16. Nxe4 Nxe4 17. Bxe4 Bxe4 18. Qxe4 Nd5 19. Qd3 Rfe8 20. Qxa6 Ra8 21. Qb5
Re7 22. Rxe7 Qxe7 23. Qxd5 Re8 24. h3 Rd8 25. Re1 Qf8 26. Qe4 h6 27. Qe7 Qxe7
28. Rxe7 c5 29. Nd2 cxd4 30. Kf1 Kf8 31. Rb7 Rd6 32. Ba3 Be5 33. Bxd6+ Bxd6 34.
Rxb6 Bf4 35. Ke2 Ke7 36. Rc6 Kd7 37. Rc4 Be5 38. Nf3 Bf6 39. Nxd4 Bxd4 40.
Rxd4+ 1-0

[Event "Floripa Chess Open 2024"]
[Site "Florianopolis"]
[Date "2024.01.25"]
[Round "7.222"]
[White "Goncalves, Maria Talissa Neves"]
[Black "Kinaki, Giannini Tonial"]
[Result "1/2-1/2"]
[WhiteElo "1224"]
[BlackElo "1800"]
[PlyCount "59"]
[EventDate "2024.01.20"]
[EventRounds "10"]
[EventCountry "BRA"]

1. e4 d5 2. exd5 Qxd5 3. Nc3 Qa5 4. Nf3 Nf6 5. d4 c6 6. Bd2 Qc7 7. a3 ({RR} 7.
h3 Be6 8. Bd3 Nbd7 9. O-O Bd5 10. Nxd5 cxd5 11. Rc1 Qb6 12. c4 g6 13. c5 Qc7
14. Qa4 Bg7 15. Ba5 Qc8 16. c6 bxc6 17. Rxc6 Qb8 18. Bc7 {1-0 (18)
Christiansen,L (2560)-Nemet,I (2410) Switzerland 1997}) 7... Bf5 ({RR} 7... e6
8. Bc4 Be7 9. Qe2 b5 10. Ba2 a5 11. Ne4 Nxe4 12. Qxe4 Bb7 13. c4 Nd7 14. Bf4
Qb6 15. c5 Qa7 16. O-O Nf6 17. Qe5 O-O 18. Bxe6 fxe6 19. Qxe6+ Rf7 20. Ng5 Raf8
21. Nxf7 Rxf7 22. b4 {Vujovic,P (1823)-Stojanovic,B (1661) Podgorica 2012 1-0 
(44)}) 8. Bc4 $146 ({RR} 8. Nh4 Bg4 9. f3 Bh5 10. Bd3 Nbd7 11. g4 Bg6 12. Nxg6
hxg6 13. Qe2 e6 14. O-O-O O-O-O 15. Be3 Nd5 16. Bd2 Nf4 17. Qf1 Nxd3+ 18. Qxd3
Nf6 19. Ne4 Nxe4 20. fxe4 Bd6 21. Qc3 Bf4 22. Rdf1 Bxd2+ {Tosun,S-Foulds,A San
Remo 2001 0-1 (54)}) ({RR} 8. Ne5 h6 9. Bc4 e6 10. h3 Bd6 11. b4 Bxe5 12. dxe5
Qxe5+ 13. Be2 O-O 14. O-O Rd8 15. Re1 Qd6 16. Bf4 Qe7 17. Qc1 Nbd7 18. Rd1 Nb6
19. Bd3 Bxd3 20. cxd3 Nbd5 21. Nxd5 Rxd5 22. Qe3 Rad8 {Ofenheim,A-De Mello,R 
(1820) Sao Paulo 2007 0-1 (52)}) ({RR} 8. Be2 e6 9. Ne5 Nbd7 10. f4 Ne4 11.
Nxe4 Bxe4 12. Bf3 Nf6 13. b4 Be7 14. g4 Bxf3 15. Qxf3 Qd6 16. c3 Qd5 17. Ke2
Ne4 18. Be1 Nd6 19. Bf2 f6 20. Qxd5 exd5 21. Nf3 Ne4 22. Rac1 Kf7 {Peleikis,H 
(1908)-Koenigl,A (1776) Bad Griesbach 1999 1/2-1/2 (50)}) 8... e6 9. O-O Be7
10. Be3 O-O 11. Qd2 Nbd7 12. Bf4 Bd6 13. Bxd6 Qxd6 14. Rfe1 Nb6 15. Bd3 Bxd3
16. Qxd3 Rfe8 17. Ne4 Nxe4 18. Rxe4 f5 19. Re2 Nd7 20. Rae1 Re7 21. g3 Rae8 22.
Ne5 Nb6 23. c4 c5 24. dxc5 Qxd3 25. Nxd3 Nxc4 26. f4 Kf7 27. Ne5+ Nxe5 28. fxe5
Rc7 29. b4 Rd8 30. Re3 1/2-1/2

[Event "Floripa Chess Open 2024"]
[Site "Florianopolis"]
[Date "2024.01.25"]
[Round "7.223"]
[White "De Carvalho, Amauri"]
[Black "Port, Ana Lucia Capriles"]
[Result "1-0"]
[WhiteElo "1238"]
[BlackElo "1721"]
[PlyCount "77"]
[EventDate "2024.01.20"]
[EventRounds "10"]
[EventCountry "BRA"]

1. e3 e5 2. d3 Bc5 ({RR} 2... d6 3. g3 f5 4. Bg2 Nf6 5. Ne2 Be7 6. b3 O-O 7.
Bb2 c6 8. c4 Na6 9. Nbc3 Nc7 10. O-O Qe8 11. f4 Qh5 12. h3 Ne6 13. b4 Bd8 14.
d4 e4 15. d5 cxd5 16. Nxd5 Nxd5 17. cxd5 {Belezky,A (2408)-Logdahl,H (2233)
Dos Hermanas 2004 1-0 (60)}) 3. b3 $146 ({RR} 3. g3 d6 4. b3 h6 5. Bg2 Nf6 6.
Bb2 Bg4 7. Ne2 Nc6 8. h3 Bd7 9. a3 a6 10. Nd2 O-O 11. O-O Nh7 12. f4 Qc8 13.
Kh2 Bxe3 14. fxe5 Nxe5 15. Ne4 Ba7 16. Nf4 Re8 17. Nd5 Bf5 {Le,H-Tran Pham
Thanh,X Dong Thap 1999 1/2-1/2 (36)}) ({RR} 3. Bd2 d6 4. Be2 Nf6 5. Nf3 h6 6.
Nc3 a6 7. h3 Be6 8. a3 Nc6 9. b4 Ba7 10. O-O d5 11. Na4 e4 12. Nd4 Nxd4 13.
exd4 Qd7 14. Nc5 Bxc5 15. bxc5 c6 16. c4 exd3 17. Bxd3 O-O {Alvarez Barzola,J 
(1659)-Mego Ponce,E Tingo Maria 2012 0-1 (67)}) 3... Nc6 4. Bb2 Qe7 5. g3 Nf6
6. Bg2 O-O 7. Ne2 Qd6 8. a3 Qe7 9. Nd2 d6 10. O-O Be6 11. Ne4 Nxe4 12. Bxe4 Qd7
13. Bg2 Bh3 14. Nc3 Bxg2 15. Kxg2 Rae8 16. Ne4 Re6 17. Ng5 Rh6 18. h4 Ne7 19.
Rh1 Nd5 20. Qf3 Nf6 21. b4 Bb6 22. Raf1 c6 23. Bc1 Ng4 24. Nh3 Rf6 25. Qe2 Re8
26. f3 Nh6 27. e4 Rfe6 28. Be3 Bxe3 29. Qxe3 f5 30. Qxa7 f4 31. g4 Nf7 32. Qa4
Rh6 33. Ng5 Nxg5 34. hxg5 Rg6 35. Qb3+ Kh8 36. Rh5 h6 37. gxh6 gxh6 38. Rfh1
Qh7 39. Rf5 1-0

[Event "Floripa Chess Open 2024"]
[Site "Florianopolis"]
[Date "2024.01.25"]
[Round "7.224"]
[White "Da Silva Junior, Jose Cacio"]
[Black "Borges, Lorenzo Kurrle"]
[Result "1-0"]
[WhiteElo "1139"]
[BlackElo "1800"]
[PlyCount "33"]
[EventDate "2024.01.20"]
[EventRounds "10"]
[EventCountry "BRA"]

1. e4 e5 2. Nf3 Nc6 3. Bc4 Bc5 4. d3 h6 5. O-O Nf6 6. h3 O-O 7. Re1 d6 8. c3
Re8 9. Qb3 $146 ({RR} 9. Bb3 Bd7 10. Bc2 a6 11. d4 exd4 12. cxd4 Ba7 13. a3 Re7
14. Bf4 Qe8 15. Nc3 Rd8 16. Qd3 Kf8 17. Rad1 Bc8 18. Bb1 b5 19. Qc2 Bb7 20. b4
Nb8 21. Re2 Nbd7 22. Rde1 Nb6 23. Qc1 Ng8 {Takeuchi,E (1655)-Kaulich,P (1540)
Willingen 2007 1-0 (44)}) ({RR} 9. Nbd2 a5 10. Nf1 Be6 11. Bxe6 fxe6 12. Ng3
Qd7 13. d4 exd4 14. cxd4 Bb4 15. Re2 d5 16. a3 Bf8 17. e5 Nh7 18. b3 a4 19. b4
Na7 20. Qd3 Qf7 21. Nh4 Be7 22. Ng6 Nf8 23. Nxe7+ Rxe7 {So,W (2780)-Nakamura,H
(2777) chess.com INT 2018 0-1 (42)}) ({RR} 9. Nbd2 Bb6 10. a4 a6 11. b4 Ne7 12.
Qb3 Rf8 13. d4 Ng6 14. a5 Ba7 15. dxe5 dxe5 16. Nf1 Nh5 17. Be3 Nhf4 18. Rad1
Qf6 19. N1h2 Bxh3 20. gxh3 Nxh3+ 21. Kg2 Ngf4+ 22. Bxf4 Nxf4+ 23. Kh1 Nh3 {
Arjun,K (2532)-Andreikin,D (2728) chess.com INT 2021 0-1 (73)}) ({RR} 9. Nbd2
a6 10. Bb3 Be6 11. Nf1 Bxb3 12. Qxb3 Qd7 13. Ng3 d5 14. Bd2 b5 15. a4 Rab8 16.
axb5 axb5 17. exd5 Nxd5 18. d4 exd4 19. Rxe8+ Rxe8 20. Qxb5 dxc3 21. bxc3 Bf8
22. c4 Nb6 23. Be3 Ne5 {Bologan,V (2661)-Bacrot,E (2720) Dubai 2014 1/2-1/2 
(31)}) ({RR} 9. d4 exd4 10. cxd4 Bb4 11. Nc3 Bxc3 12. bxc3 Nxe4 13. Qd3 d5 14.
Bb5 Bf5 15. Qc2 Nd6 16. Rxe8+ Qxe8 17. Qb3 a6 18. Bxc6 Qxc6 19. Bb2 Qc4 20. Nd2
Qxb3 21. Nxb3 Re8 22. Kf1 Bd3+ 23. Kg1 Re2 {Calderon Zuta,N-Ortiz Rodriguez,S
Neiva 2011 0-1 (52)}) 9... Na5 10. Qc2 Be6 11. Bxe6 fxe6 12. b4 Bxb4 13. cxb4
Nc6 14. a3 d5 15. Bb2 d4 16. Nbd2 b5 17. Qxc6 1-0

[Event "Floripa Chess Open 2024"]
[Site "Florianopolis"]
[Date "2024.01.25"]
[Round "7.225"]
[White "Soares, Vinicius Tuma"]
[Black "De Oliveira, Rosa Emilia Trizott"]
[Result "1-0"]
[WhiteElo "1708"]
[BlackElo "1800"]
[PlyCount "67"]
[EventDate "2024.01.20"]
[EventRounds "10"]
[EventCountry "BRA"]

1. e4 e5 2. Nf3 Nf6 3. Nxe5 Bd6 4. Nf3 ({RR} 4. d4 Nxe4 5. Qg4 Nf6 6. Qxg7 Rf8
7. Bc4 Qe7 8. O-O c5 9. Bg5 Bxe5 10. dxe5 Qxe5 11. Bxf6 Qe4 12. Nd2 Qc6 13.
Rfe1+ Qe6 14. Bxe6 dxe6 15. Nc4 Kd7 16. Qxf8 Nc6 17. Rad1+ Nd4 18. Qd6+ Ke8 {
Nikolova,A (2339)-Urcu,E Konya 2016 1-0}) ({RR} 4. Nc4 Nxe4 5. Bd3 Qe7 6. Qe2
f5 7. Nxd6+ cxd6 8. Nc3 O-O 9. Nxe4 fxe4 10. Bxe4 Rf4 11. Bxh7+ Kf7 12. Bg6+
Kf8 13. Qxe7+ Kxe7 14. O-O Kf6 15. d3 Rg4 16. Bh5 Rb4 17. Re1 g6 18. Bf3 a5 {
Isaeva,M-Kaskinova,T Satka RUS 2021 1-0 (37)}) 4... O-O 5. Nc3 Nc6 6. d4 a6
$146 ({RR} 6... Bb4 7. e5 Ne4 8. Bd2 Bxc3 9. Bxc3 Nxc3 10. bxc3 d6 11. exd6
cxd6 12. Be2 Bg4 13. O-O Bxf3 14. Bxf3 Re8 15. Rb1 Re6 16. d5 Rg6 17. dxc6 bxc6
18. Bxc6 Qa5 19. Bxa8 Qe5 20. Rb8+ Qe8 21. Rxe8# {Holoubkova,K-Bastova,K
Svetla nad Sazavou 1999 1-0}) ({RR} 6... Be7 7. Bf4 Nh5 8. g3 Nxf4 9. gxf4 b6
10. Bd3 Nb4 11. Rg1 d5 12. Ng5 Bxg5 13. Rxg5 Nxd3+ 14. Qxd3 h6 15. Rg2 dxe4 16.
Nxe4 Bb7 17. f3 Qh4+ 18. Ke2 Qxf4 19. Rag1 g6 20. a4 Bxe4 21. fxe4 {Hamlet,
M-Archer,M Australia 1999 1/2-1/2 (32)}) ({RR} 6... Bb4 7. Bd3 d6 8. Bg5 h6 9.
Bh4 Bg4 10. h3 Bh5 11. g4 Bg6 12. Qd2 Ba5 13. O-O-O Re8 14. Rde1 Rxe4 15. Bxe4
Bxe4 16. Bxf6 Qxf6 17. Rxe4 Qd8 18. Rhe1 Kf8 19. d5 Ne7 20. Rxe7 Rc8 21. R7e4 {
Mirlankyzy,A (1351)-Gitonga,A Al Ain 2013 1-0}) 7. Be3 b6 8. e5 Nxe5 9. dxe5
Bxe5 10. Nxe5 Re8 11. Nf3 Bb7 12. Bc4 Qe7 13. O-O Rac8 14. Re1 h6 15. Bxh6 gxh6
16. Rxe7 Rxe7 17. Nd5 Bxd5 18. Bxd5 Nxd5 19. Qxd5 c6 20. Qd4 Kf8 21. Qxb6 Kg7
22. Qb7 Ree8 23. Qxd7 h5 24. Qh3 Rcd8 25. g3 a5 26. Re1 Rf8 27. Qxh5 Rh8 28.
Qxa5 Rdf8 29. Qc7 Rd8 30. Qxc6 Ra8 31. Qc3+ f6 32. Re7+ Kf8 33. Qxf6+ Kg8 34.
Qg7# 1-0